Импульсная люминесцентная спектрометрия эпитаксиальных слоев GaN, выращенных на подложках AL2O3; Ресурсоэффективным технологиям - энергию и энтузиазм молодых

Bibliografiske detaljer
Parent link:Ресурсоэффективным технологиям - энергию и энтузиазм молодых.— 2014.— [С. 80-83]
Hovedforfatter: Сычева А. В.
Institution som forfatter: Национальный исследовательский Томский политехнический университет (ТПУ) Институт физики высоких технологий (ИФВТ) Кафедра лазерной и световой техники (ЛиСТ)
Andre forfattere: Олешко В. И. Владимир Иванович (научный руководитель)
Summary:Заглавие с титульного экрана
Sprog:russisk
Udgivet: 2014
Serier:Нанотехнологии, пучково-плазменные технологии создания материалов с заданными свойствами
Fag:
Online adgang:http://earchive.tpu.ru/handle/11683/66017
http://www.lib.tpu.ru/fulltext/c/2014/C08/029.pdf
Format: MixedMaterials Electronisk Book Chapter
KOHA link:https://koha.lib.tpu.ru/cgi-bin/koha/opac-detail.pl?biblionumber=606431

MARC

LEADER 00000naa2a2200000 4500
001 606431
005 20231101132413.0
035 |a (RuTPU)RU\TPU\conf\3810 
035 |a RU\TPU\conf\3807 
090 |a 606431 
100 |a 20140529d2014 k y0rusy50 ca 
101 0 |a rus 
102 |a RU 
105 |a y z 101zy 
135 |a drgn ---uucaa 
181 0 |a i  
182 0 |a b 
200 1 |a Импульсная люминесцентная спектрометрия эпитаксиальных слоев GaN, выращенных на подложках AL2O3  |f А. В. Сычева  |g науч. рук. В. И. Олешко 
203 |a Текст  |c электронный 
225 1 |a Нанотехнологии, пучково-плазменные технологии создания материалов с заданными свойствами 
230 |a 1 компьютерный файл (pdf; 351 Кб) 
300 |a Заглавие с титульного экрана 
320 |a [Библиогр.: с. 83 (4 назв.)] 
337 |a Adobe Reader 
463 0 |0 (RuTPU)RU\TPU\conf\3591  |t Ресурсоэффективным технологиям - энергию и энтузиазм молодых   |o Сборник научных трудов V Всероссийской конференции студентов элитного технического образования, г. Томск, 25 -27 марта 2014 г.  |f Национальный исследовательский Томский политехнический университет (ТПУ)   |v [С. 80-83]  |d 2014 
610 1 |a труды учёных ТПУ 
610 1 |a электронный ресурс 
610 1 |a импульсная спектрометрия 
610 1 |a люминесцентная спектроскопия 
610 1 |a эпитаксиальные слои 
610 1 |a подложки 
610 1 |a сапфировые подложки 
700 1 |a Сычева  |b А. В. 
702 1 |a Олешко  |b В. И.  |c специалист в области лазерной и световой техники  |c профессор Томского политехнического университета, доктор физико-математических наук  |f 1948-  |g Владимир Иванович  |2 stltpush  |4 727 
712 0 2 |a Национальный исследовательский Томский политехнический университет (ТПУ)  |b Институт физики высоких технологий (ИФВТ)  |b Кафедра лазерной и световой техники (ЛиСТ)  |h 65  |2 stltpush  |3 (RuTPU)RU\TPU\col\18690 
801 2 |a RU  |b 63413507  |c 20210709  |g RCR 
856 4 |u http://earchive.tpu.ru/handle/11683/66017 
856 4 |u http://www.lib.tpu.ru/fulltext/c/2014/C08/029.pdf 
942 |c BK